[Event "Frankfurt Ch 2007"]
[Site "Ffm-Kalbach, LAZ"]
[Date "2007.05.07"]
[Round "2.1"]
[White "Müller, Pascal"]
[Black "Milov, Leonid"]
[Result "0-1"]
[WhiteElo "2033"]
[BlackElo "2482"]
[PlyCount "98"]
[EventDate "2007.??.??"]

1. e4 c5 2. c3 d5 3. exd5 Qxd5 4. d4 Nf6 5. Nf3 Bg4 6. Be2 e6 7. O-O Nc6 8. Na3
Be7 9. Nc2 Bh5 10. Ne3 Qd7 11. Ne5 Bxe2 12. Qxe2 Qc7 13. Nxc6 Qxc6 14. Re1 O-O
15. dxc5 Bxc5 16. Ng4 Nxg4 17. Qxg4 Rfd8 18. Bh6 Bf8 19. Red1 f5 20. Qg3 e5 21.
Bg5 f4 22. Qg4 Rxd1+ 23. Rxd1 Qg6 24. h3 h6 25. Bd8 Qxg4 26. hxg4 Kf7 27. f3 g5
28. Ba5 b6 29. Bb4 Bxb4 30. cxb4 Ke6 31. Rc1 Rd8 32. Rc7 Rd1+ 33. Kf2 Rd2+ 34.
Kg1 Rxb2 35. Rxa7 Rxb4 36. Rh7 Kd5 37. Rxh6 b5 38. Rg6 Ra4 39. Rxg5 Rxa2 40.
Rg8 b4 41. Rb8 Kc4 42. Rc8+ Kd3 43. Rd8+ Kc3 44. Rc8+ Kb2 45. Rc5 b3 46. Rxe5
Kc3 47. Rc5+ Kb4 48. Rf5 b2 49. Rxf4+ Kc3 0-1

[Event "Frankfurt Ch 2007"]
[Site "Ffm-Kalbach, LAZ"]
[Date "2007.05.07"]
[Round "2.2"]
[White "Telljohann, Sven"]
[Black "Schöne, Matthias"]
[Result "1-0"]
[WhiteElo "2419"]
[BlackElo "2025"]
[PlyCount "89"]
[EventDate "2007.??.??"]

1. Nf3 Nf6 2. g3 g6 3. Bg2 Bg7 4. O-O O-O 5. d4 d5 6. b3 c5 7. Bb2 cxd4 8. Nxd4
e5 9. Nf3 e4 10. Nd4 Nc6 11. Na3 Qa5 12. Qe1 Qb6 13. e3 Be6 14. c4 a5 15. cxd5
Bxd5 16. Nxc6 bxc6 17. Qc1 a4 18. Nc4 Qa6 19. Qc2 Rfe8 20. Rac1 h5 21. Nd6 Re6
22. Bxf6 Bxf6 23. Nxe4 Be7 24. Nc3 axb3 25. axb3 Bxg2 26. Kxg2 h4 27. Ne2 c5
28. Nc3 c4 29. Nd5 cxb3 30. Qxb3 Bd6 31. Qc4 Qa5 32. Rfd1 Ba3 33. Ra1 Qa7 34.
Rd3 Ra6 35. Qxh4 Qb7 36. e4 Bb2 37. Rb1 Ra1 38. Rxb2 Qxb2 39. Nf6+ Kg7 40. Qh7+
Kxf6 41. Rf3+ Ke6 42. Qxf7+ Kd6 43. Qd5+ Kc7 44. Rf7+ Kb8 45. Qd8# 1-0

[Event "Frankfurt Ch 2007"]
[Site "Ffm-Kalbach, LAZ"]
[Date "2007.05.07"]
[Round "2.3"]
[White "Bischoff, Ulrich"]
[Black "Reschke, Stefan"]
[Result "0-1"]
[WhiteElo "2090"]
[BlackElo "2387"]
[PlyCount "52"]
[EventDate "2007.??.??"]

1. e4 c5 2. Nf3 d6 3. d4 cxd4 4. Nxd4 Nf6 5. Nc3 g6 6. Be3 Bg7 7. f3 Nc6 8. Qd2
O-O 9. g4 Be6 10. Nxe6 fxe6 11. O-O-O Ne5 12. Be2 Qa5 13. Bh6 Bxh6 14. Qxh6
Rac8 15. Qe3 Qc5 16. Qxc5 Rxc5 17. Nb5 Nxf3 18. Nxd6 Nxg4 19. Nxb7 Rc7 20. Nd8
Ne3 21. Bxf3 Rxc2+ 22. Kb1 Rxf3 23. Nxe6 Rff2 24. Rhf1 Rxb2+ 25. Ka1 Rxa2+ 26.
Kb1 Nxd1 0-1

[Event "Frankfurt Ch 2007"]
[Site "Ffm-Kalbach, LAZ"]
[Date "2007.05.07"]
[Round "2.4"]
[White "Klundt, Klaus"]
[Black "Biegel, Thomas"]
[Result "1-0"]
[WhiteElo "2378"]
[BlackElo "2054"]
[PlyCount "53"]
[EventDate "2007.??.??"]

1. e4 c6 2. d4 d5 3. exd5 cxd5 4. c4 Nf6 5. Nc3 e6 6. Nf3 Bb4 7. cxd5 Nxd5 8.
Bd2 Nc6 9. Bd3 O-O 10. O-O Be7 11. a3 Bf6 12. Qc2 g6 13. Bh6 Re8 14. Rad1 Bd7
15. Be4 Nce7 16. Ne5 Rc8 17. Qb3 Bc6 18. Nxc6 bxc6 19. Rd3 Qb6 20. Qc2 Nxc3 21.
bxc3 c5 22. Rb1 Qa5 23. dxc5 Qxa3 24. Be3 Nc6 25. h3 Be7 26. Rdd1 Red8 27. Bxc6
1-0

[Event "Frankfurt Ch 2007"]
[Site "Ffm-Kalbach, LAZ"]
[Date "2007.05.07"]
[Round "2.7"]
[White "Calvi, Stefan"]
[Black "Gramlich, Sebastian"]
[Result "0-1"]
[WhiteElo "1909"]
[BlackElo "2248"]
[PlyCount "44"]
[EventDate "2007.??.??"]

1. e4 c5 2. c3 Nf6 3. e5 Nd5 4. d4 cxd4 5. Nf3 Nc6 6. Bc4 Nb6 7. Bb3 g6 8. cxd4
Bg7 9. Bf4 d5 10. exd6 O-O 11. O-O Bg4 12. d5 Nd4 13. Qe1 Bxf3 14. dxe7 Ne2+
15. Qxe2 Bxe2 16. exd8=Q Raxd8 17. Re1 Bxb2 18. Rxe2 Bxa1 19. d6 Rfe8 20. Kf1
Rxe2 21. Kxe2 Nc8 22. Nd2 Nxd6 0-1

[Event "Frankfurt Ch 2007"]
[Site "Ffm-Kalbach, LAZ"]
[Date "2007.05.07"]
[Round "2.8"]
[White "Schlamp, Robert"]
[Black "Göbel, Andreas"]
[Result "1-0"]
[WhiteElo "2302"]
[BlackElo "2063"]
[PlyCount "107"]
[EventDate "2007.??.??"]

1. e4 c6 2. d4 d5 3. exd5 cxd5 4. c4 e6 5. Nf3 Nf6 6. Nc3 Be7 7. Be2 O-O 8. O-O
b6 9. Bf4 Bb7 10. Rc1 Nbd7 11. Qa4 dxc4 12. Qxc4 Rc8 13. Qb3 Nd5 14. Nxd5 Bxd5
15. Qa4 a5 16. Ba6 Rxc1 17. Rxc1 Nb8 18. Bc7 Qd7 19. Bb5 Qc8 20. Bf4 Qd8 21.
Bc7 Qc8 22. Qd1 Qb7 23. Bf4 Rc8 24. a3 Rxc1 25. Qxc1 Nc6 26. Qc3 Bf6 27. Qd3
Nb8 28. Ne5 Nc6 29. Ng4 Bd8 30. Ne3 Ne7 31. Nxd5 Nxd5 32. Bd2 Qc7 33. g3 g6 34.
Ba4 Kg7 35. h4 h5 36. Bd1 Qd7 37. Bf3 Bf6 38. b3 Ne7 39. Bc3 Nd5 40. Bb2 Be7
41. a4 Bf6 42. Qd2 Be7 43. Be4 Bb4 44. Qd3 Be7 45. Kf1 Bf6 46. Ke2 Nb4 47. Qc4
Nd5 48. f4 Qd6 49. Kd3 Nb4+ 50. Kd2 Bxh4 51. gxh4 Qxf4+ 52. Kd1 Nd5 53. Bxd5
exd5 54. Qxd5 1-0

[Event "Frankfurt Ch 2007"]
[Site "Ffm-Kalbach, LAZ"]
[Date "2007.05.07"]
[Round "2.9"]
[White "Isserman, Ryhor"]
[Black "Kohlbruch, Jens"]
[Result "1-0"]
[WhiteElo "2296"]
[BlackElo "1880"]
[PlyCount "109"]
[EventDate "2007.??.??"]

1. e4 e5 2. Nf3 Nf6 3. d4 Nxe4 4. Bd3 d5 5. Nxe5 Nf6 6. Bg5 Be7 7. Qe2 Be6 8.
f4 Nfd7 9. Bxe7 Qxe7 10. f5 Nxe5 11. dxe5 Bd7 12. O-O Nc6 13. e6 fxe6 14. fxe6
Qxe6 15. Qh5+ g6 16. Qh4 Ne7 17. Re1 Qd6 18. Bxg6+ Kd8 19. Bf7 Rf8 20. Bh5 Rf4
21. Qg3 Qb6+ 22. Qe3 Re4 23. Qxb6 Rxe1+ 24. Kf2 axb6 25. Kxe1 Bf5 26. Kd2 Ra4
27. Bf3 Rd4+ 28. Kc1 Rh4 29. h3 c6 30. Nd2 Ng6 31. a4 Ne5 32. a5 Kc7 33. axb6+
Kxb6 34. Ra3 Rh6 35. Re3 Re6 36. g4 Nxf3 37. Rxe6 Bxe6 38. Nxf3 h6 39. Kd2 Kc5
40. Ke3 Kd6 41. Kf4 c5 42. h4 b5 43. g5 hxg5+ 44. Nxg5 Bg8 45. h5 c4 46. h6 d4
47. Ke4 Kc5 48. Ne6+ Kd6 49. Nxd4 Bh7+ 50. Kf4 Kd5 51. c3 b4 52. Nf3 Kc5 53.
Ng5 Bg8 54. Ne4+ Kb5 55. Nf6 1-0

[Event "Frankfurt Ch 2007"]
[Site "Ffm-Kalbach, LAZ"]
[Date "2007.05.07"]
[Round "2.10"]
[White "Matzies, Alexander"]
[Black "Uwira, Oliver"]
[Result "0-1"]
[WhiteElo "1995"]
[BlackElo "2291"]
[PlyCount "96"]
[EventDate "2007.??.??"]

1. e4 c5 2. Nf3 Nc6 3. d4 cxd4 4. Nxd4 Nf6 5. Nc3 e5 6. Ndb5 d6 7. Bg5 a6 8.
Na3 b5 9. Bxf6 gxf6 10. Nd5 f5 11. Bd3 Be6 12. O-O Bxd5 13. exd5 Ne7 14. c3 Bg7
15. Qh5 e4 16. Bc2 O-O 17. Rae1 Qc8 18. Bb3 Qc5 19. Nc2 Rae8 20. Ne3 f4 21. Nf5
Nxf5 22. Qxf5 Re5 23. Qxf4 f5 24. Qe3 Qc7 25. f4 Ree8 26. Re2 Kh8 27. a4 Bf6
28. Ra1 Qa5 29. Rc1 b4 30. cxb4 Qxb4 31. Rc4 Qb7 32. Rc6 Rb8 33. Bc4 Qg7 34.
Qg3 Qa7+ 35. Kf1 Rxb2 36. Rxb2 Bxb2 37. Bxa6 Qd4 38. Qb3 Qd2 39. Rc7 Bd4 40.
Be2 Qxf4+ 41. Ke1 Qxh2 42. Qb7 Qg1+ 43. Kd2 Qe3+ 44. Kd1 Bg7 45. a5 Qd4+ 46.
Ke1 Qa1+ 47. Kf2 Bd4+ 48. Kg3 Qe1+ 0-1

[Event "Frankfurt Ch 2007"]
[Site "Ffm-Kalbach, LAZ"]
[Date "2007.05.07"]
[Round "2.11"]
[White "Henrich, Thomas"]
[Black "Rasche, Hannes"]
[Result "1-0"]
[WhiteElo "2179"]
[BlackElo "2009"]
[PlyCount "71"]
[EventDate "2007.??.??"]

1. e4 e6 2. d4 d5 3. Nc3 Bb4 4. e5 c5 5. Qg4 Ne7 6. dxc5 Nbc6 7. Bd2 Qa5 8. Nf3
O-O 9. Bd3 f5 10. exf6 Rxf6 11. Qh5 g6 12. Qh4 Rf7 13. a3 Nf5 14. Qg5 Bxc3 15.
Bxc3 Qxc5 16. O-O-O b5 17. g4 Ng7 18. Ne5 Nxe5 19. Qxe5 a5 20. Bd4 Qc7 21. Qxc7
Rxc7 22. Bxb5 Rf7 23. Rhe1 Rb8 24. a4 Ra8 25. Rd2 h6 26. h4 h5 27. Bd3 Kh7 28.
Re5 hxg4 29. h5 Nf5 30. hxg6+ Kxg6 31. Re1 Kg5 32. Be5 Rh7 33. Rg1 Rh3 34. Be2
Rh4 35. f4+ Kh5 36. Bf6 1-0

[Event "Frankfurt Ch 2007"]
[Site "Ffm-Kalbach, LAZ"]
[Date "2007.05.07"]
[Round "2.12"]
[White "Goldt, Rainer"]
[Black "Kauch, Markus"]
[Result "1-0"]
[WhiteElo "1876"]
[BlackElo "2230"]
[PlyCount "45"]
[EventDate "2007.??.??"]

1. e4 c5 2. Nc3 Nc6 3. g3 g6 4. Bg2 Bg7 5. d3 d6 6. f4 e6 7. Nf3 Nge7 8. O-O
O-O 9. Be3 Nd4 10. Bf2 Nec6 11. Nxd4 Nxd4 12. e5 dxe5 13. fxe5 Bxe5 14. Ne4 f5
15. Nxc5 Qc7 16. b4 Rb8 17. c3 Nb5 18. d4 Bf6 19. Qb3 Kh8 20. a4 Nd6 21. Rfe1
b6 22. Nxe6 Bxe6 23. Rxe6 1-0

[Event "Frankfurt Ch 2007"]
[Site "Ffm-Kalbach, LAZ"]
[Date "2007.05.07"]
[Round "2.13"]
[White "Sadeghi, Behrang"]
[Black "Krüger, Till"]
[Result "1/2-1/2"]
[WhiteElo "2283"]
[BlackElo "2048"]
[PlyCount "120"]
[EventDate "2007.??.??"]

1. e4 g6 2. Nc3 Bg7 3. f4 c5 4. Nf3 Nc6 5. Bc4 e6 6. O-O Nge7 7. Qe2 O-O 8. d3
d5 9. Bb3 Nd4 10. Nxd4 cxd4 11. Nd1 dxe4 12. dxe4 e5 13. fxe5 Nc6 14. Nf2 Nxe5
15. Nd3 Qe7 16. Nf4 Qd6 17. h3 Bd7 18. Nd5 a6 19. a4 b5 20. Bd2 d3 21. cxd3 Nc6
22. Bc3 Nd4 23. Qd1 Bxh3 24. axb5 Qg3 25. Nf4 Bg4 26. Qe1 Qxe1 27. Rfxe1 Nxb3
28. Ra3 Nd4 29. Rxa6 Nxb5 30. Bxg7 Kxg7 31. Rea1 Rxa6 32. Rxa6 Rd8 33. Kf2 Nd4
34. Nd5 Rb8 35. Ke3 Nc2+ 36. Kd2 Nd4 37. Ke3 Ne6 38. b4 Rb7 39. Rc6 Bd1 40. Rc3
g5 41. g3 h5 42. Kd2 Ba4 43. Ke3 h4 44. gxh4 gxh4 45. Rc1 Ng5 46. Rg1 Kh6 47.
Ra1 Bb5 48. Nf4 Ne6 49. Nd5 Kh5 50. Rg1 Ng5 51. Nf4+ Kh6 52. Rg4 Bc6 53. Rxh4+
Kg7 54. Rh5 Ne6 55. Ne2 Rxb4 56. Rh1 Bb5 57. Rg1+ Kf8 58. Ra1 Rb3 59. Nc1 Rc3
60. Kd2 Rc7 1/2-1/2

[Event "Frankfurt Ch 2007"]
[Site "Ffm-Kalbach, LAZ"]
[Date "2007.05.07"]
[Round "2.14"]
[White "Hausmann, Hans-Ulrich"]
[Black "Kayser, Felix"]
[Result "1/2-1/2"]
[WhiteElo "1966"]
[BlackElo "2194"]
[PlyCount "88"]
[EventDate "2007.??.??"]

1. d4 d5 2. c4 dxc4 3. Nf3 Nf6 4. e3 e6 5. Bxc4 a6 6. O-O b5 7. Bd3 c5 8. dxc5
Bxc5 9. a4 b4 10. Qc2 Nbd7 11. Nbd2 Bb7 12. Ne4 Rc8 13. Nfd2 Be7 14. Qb1 Qb6
15. b3 Ne5 16. a5 Qc7 17. Bb2 Nxd3 18. Qxd3 Nxe4 19. Nxe4 Rd8 20. Qb1 Qc6 21.
f3 O-O 22. Bd4 Qb5 23. Qb2 Bxe4 24. fxe4 f6 25. Rfc1 e5 26. Bb6 Rd3 27. Rc4 Qd7
28. Rc7 Rd1+ 29. Rxd1 Qxd1+ 30. Kf2 Bd6 31. Rc1 Qg4 32. Qc2 f5 33. Qc4+ Kh8 34.
exf5 e4 35. Kg1 Qxf5 36. Qxa6 Qf2+ 37. Kh1 Qh4 38. g3 Bxg3 39. Qe2 Bd6 40. Rc2
h6 41. Bc7 Qh3 42. Kg1 Bxc7 43. Rxc7 Rf3 44. Qg2 Qxg2+ 1/2-1/2

[Event "Frankfurt Ch 2007"]
[Site "Ffm-Kalbach, LAZ"]
[Date "2007.05.07"]
[Round "2.15"]
[White "Benninger, Rudolf"]
[Black "Ruebsamen, Dietmar"]
[Result "1-0"]
[WhiteElo "2130"]
[BlackElo "1842"]
[PlyCount "38"]
[EventDate "2007.??.??"]

1. e4 c5 2. c3 d5 3. exd5 Qxd5 4. d4 e6 5. Nf3 Nf6 6. Be3 cxd4 7. cxd4 Nc6 8.
Nc3 Qd6 9. a3 Be7 10. Bd3 O-O 11. O-O b6 12. Re1 Bb7 13. Bc2 Rfd8 14. Qd3 g6
15. Rad1 Nd5 16. Bg5 Nxc3 17. bxc3 Qxa3 18. Qe3 Rd5 19. Bf4 Bf6 {Rest unklar!}
1-0

[Event "Frankfurt Ch 2007"]
[Site "Ffm-Kalbach, LAZ"]
[Date "2007.05.07"]
[Round "2.16"]
[White "Larem, Peter"]
[Black "Diekmann, HanJo"]
[Result "0-1"]
[WhiteElo "1962"]
[BlackElo "2199"]
[PlyCount "108"]
[EventDate "2007.??.??"]

1. e4 c5 2. c3 d5 3. exd5 Qxd5 4. d4 g6 5. Nf3 Bg7 6. Be3 cxd4 7. cxd4 Nf6 8.
Nc3 Qa5 9. Bc4 O-O 10. O-O a6 11. Qb3 e6 12. Rad1 b5 13. Be2 Bb7 14. a4 b4 15.
Na2 Nd5 16. Nd2 Bc6 17. Ra1 Nd7 18. Rfc1 Rfc8 19. Nc4 Qxa4 20. Qxa4 Bxa4 21.
Nxb4 Bb5 22. Na2 Rab8 23. Rab1 N7f6 24. Kf1 Ne4 25. Ke1 Nxe3 26. fxe3 Bh6 27.
Nd2 Nxd2 28. Kxd2 Rd8 29. Bxb5 Rxb5 30. Ke2 e5 31. Nc3 Rb3 32. d5 e4 33. Rd1
Rd6 34. Rd4 f5 35. Na4 Rxe3+ 36. Kf2 Rb3 37. Nc3 Kf7 38. g4 Kf6 39. gxf5 gxf5
40. Ke2 Ke5 41. Rdd1 f4 42. Re1 Rdb6 43. Kf1 e3 44. Na4 R6b5 45. Nc3 R5b4 46.
Na2 Rb6 47. Nc1 R3b5 48. Rd1 f3 49. Rd3 Ke4 50. d6 Bg5 51. d7 e2+ 52. Nxe2
fxe2+ 53. Kxe2 Rxb2+ 54. Rxb2 Rxb2+ 0-1

[Event "Frankfurt Ch 2007"]
[Site "Ffm-Kalbach, LAZ"]
[Date "2007.05.07"]
[Round "2.17"]
[White "Schwenkreis, Thomas"]
[Black "Fischer, Arthur"]
[Result "1-0"]
[WhiteElo "2054"]
[BlackElo "2074"]
[PlyCount "71"]
[EventDate "2007.??.??"]

1. Nf3 d5 2. b3 c5 3. e3 Nc6 4. Bb2 e6 5. Be2 Nf6 6. O-O Bd6 7. d3 O-O 8. Nbd2
b6 9. Re1 Bb7 10. Bf1 Qc7 11. c4 Ne5 12. cxd5 exd5 13. Rc1 Qe7 14. h3 Rad8 15.
Qc2 Rfe8 16. Nh4 Qd7 17. a4 Nc6 18. Bxf6 gxf6 19. Ndf3 d4 20. e4 Bf4 21. Rb1
Ne7 22. g3 Bh6 23. b4 Rc8 24. Qa2 Qe6 25. Qxe6 fxe6 26. bxc5 Rxc5 27. Nxd4 Kf7
28. Nb5 Rd8 29. d4 Rc2 30. e5 Nc8 31. exf6 a6 32. Na3 Rc3 33. Nc4 Rxd4 34. Ne5+
Kxf6 35. Ng4+ Kg7 36. Rxe6 1-0

[Event "Frankfurt Ch 2007"]
[Site "Ffm-Kalbach, LAZ"]
[Date "2007.05.07"]
[Round "2.18"]
[White "Svitek, Volker"]
[Black "Gutacker, Stephan"]
[Result "1-0"]
[WhiteElo "2133"]
[BlackElo "1980"]
[PlyCount "79"]
[EventDate "2007.??.??"]

1. b4 e5 2. Bb2 Bxb4 3. Bxe5 Nf6 4. Nf3 Nc6 5. Bb2 d5 6. e3 O-O 7. Be2 Re8 8.
O-O Bg4 9. d3 Bxf3 10. Bxf3 Ne5 11. Be2 c6 12. c3 Bd6 13. Nd2 Bc7 14. d4 Ng6
15. c4 Nh4 16. g3 Nf5 17. Bf3 Ne4 18. Nxe4 dxe4 19. Bg2 Qe7 20. Qb3 b6 21. Rad1
Rab8 22. Qc3 h5 23. d5 c5 24. d6 Bxd6 25. Rxd6 Qxd6 26. Bh3 Nd4 27. exd4 cxd4
28. Qxd4 Qxd4 29. Bxd4 Rbd8 30. Be3 Re5 31. Ra1 Ra5 32. Bf1 g6 33. Be2 Rc8 34.
Kf1 Kg7 35. a4 Rd8 36. Ke1 Re5 37. Bd2 Re7 38. a5 Re6 39. Be3 Rb8 40. Rb1 1-0

[Event "Frankfurt Ch 2007"]
[Site "Ffm-Kalbach, LAZ"]
[Date "2007.05.07"]
[Round "2.19"]
[White "Koch, Ulrich"]
[Black "Kabir, Razaul"]
[Result "1-0"]
[WhiteElo "1839"]
[BlackElo "2101"]
[PlyCount "117"]
[EventDate "2007.??.??"]

1. d4 Nf6 2. Bf4 e6 3. e3 c5 4. c3 a6 5. Nf3 b5 6. Bd3 Bb7 7. O-O Be7 8. h3 O-O
9. Nbd2 d5 10. Re1 Ne4 11. a4 b4 12. c4 Nd7 13. cxd5 exd5 14. dxc5 Ndxc5 15.
Nb3 Qe8 16. Nxc5 Bxc5 17. a5 f5 18. Qe2 h6 19. h4 Be7 20. Rec1 Nc5 21. Nd4 Bc8
22. Rc2 Nxd3 23. Qxd3 Bxh4 24. Rac1 Bd7 25. Bd6 Be7 26. Bxe7 Qxe7 27. Rc7 Qd6
28. g3 Rf7 29. Rb7 Rc8 30. Rxc8+ Bxc8 31. Rxf7 Kxf7 32. Nxf5 Qc5 33. Kg2 Bb7
34. Qd4 Qxd4 35. Nxd4 Ke7 36. Kf1 g6 37. Nc2 Kd6 38. Nxb4 Kc5 39. Nc2 Kb5 40.
Nd4+ Kxa5 41. Ke2 Kb4 42. f4 Bc8 43. Kd3 a5 44. Nc6+ Ka4 45. Kc3 Bf5 46. Ne7
Be4 47. Ng8 h5 48. Nf6 Kb5 49. Kd4 a4 50. Nxd5 Bf3 51. e4 Bg2 52. e5 Bh3 53. e6
Kc6 54. Ke5 Kc5 55. Nc3 Kb4 56. Kf6 a3 57. bxa3+ Kxc3 58. e7 Bd7 59. Kf7 1-0

[Event "Frankfurt Ch 2007"]
[Site "Ffm-Kalbach, LAZ"]
[Date "2007.05.07"]
[Round "2.20"]
[White "Orwatsch, Gerhard"]
[Black "Rätsch, Kurt"]
[Result "1-0"]
[WhiteElo "2082"]
[BlackElo "2080"]
[PlyCount "112"]
[EventDate "2007.??.??"]

1. d4 c5 2. e3 Nf6 3. Nf3 e6 4. Bd3 d5 5. c3 Be7 6. O-O c4 7. Bc2 Nc6 8. Nbd2
b5 9. e4 dxe4 10. Nxe4 Bb7 11. Nxf6+ gxf6 12. Qe2 Qd5 13. Ne1 Bd6 14. Qf3 Qxf3
15. Nxf3 Ne7 16. Nd2 f5 17. Re1 Rg8 18. g3 f4 19. Be4 Nd5 20. Bxh7 fxg3 21.
fxg3 Rg7 22. Be4 O-O-O 23. Bg2 Rdg8 24. Nf1 Kd7 25. Kf2 f5 26. Bf3 f4 27. gxf4
Rf8 28. Ke2 Bxf4 29. Bxd5 Bxd5 30. Bxf4 Rxf4 31. Ne3 Be4 32. a4 Bd3+ 33. Kd1 b4
34. cxb4 Rxd4 35. Kd2 Rf7 36. Kc3 Rh4 37. b3 Rf3 38. Rad1 Kc6 39. Rd2 Rhh3 40.
bxc4 Bg6 41. Kd4 e5+ 42. Kxe5 Rxe3+ 43. Rxe3 Rxe3+ 44. Kd4 Ra3 45. Rg2 Bf7 46.
a5 Rh3 47. Rc2 Kd6 48. c5+ Kc6 49. Rb2 Kb5 50. Ke5 Rh4 51. Kd6 Rd4+ 52. Kc7 Be8
53. Rb1 Rd7+ 54. Kc8 Rh7 55. Kd8 Bg6 56. Rf1 Bd3 1-0

[Event "Frankfurt Ch 2007"]
[Site "Ffm-Kalbach, LAZ"]
[Date "2007.05.07"]
[Round "2.21"]
[White "Djakow, Alexander"]
[Black "Kolker, Vladislav"]
[Result "1/2-1/2"]
[WhiteElo "1813"]
[BlackElo "2112"]
[PlyCount "54"]
[EventDate "2007.??.??"]

1. d4 Nf6 2. c4 g6 3. Nf3 Bg7 4. Nc3 O-O 5. e4 d6 6. Bd3 Bg4 7. h3 Bxf3 8. Qxf3
Nc6 9. Be3 e5 10. d5 Nd4 11. Qd1 c5 12. O-O a6 13. f4 exf4 14. Bxf4 Qc7 15. Qd2
Nd7 16. Rae1 Ne5 17. Ne2 Nxe2+ 18. Bxe2 b5 19. cxb5 axb5 20. b3 b4 21. Rc1 Qb6
22. Kh1 Ra5 23. Rc2 Rfa8 24. Rf2 Qd8 25. Bg5 Qd7 26. Bd1 Qb5 27. Be2 Qd7
1/2-1/2

[Event "Frankfurt Ch 2007"]
[Site "Ffm-Kalbach, LAZ"]
[Date "2007.05.07"]
[Round "2.22"]
[White "Kreiling, Carsten"]
[Black "Tierling, Detlef"]
[Result "1-0"]
[WhiteElo "2140"]
[BlackElo "2042"]
[PlyCount "103"]
[EventDate "2007.??.??"]

1. d4 Nf6 2. c4 c5 3. e3 cxd4 4. exd4 d5 5. Nc3 e6 6. Nf3 Be7 7. Bf4 O-O 8. c5
Nc6 9. Bb5 Bd7 10. O-O Ne4 11. Bxc6 Bxc6 12. Qc2 f5 13. Ne5 g5 14. Nxc6 bxc6
15. Be5 Nf6 16. Qe2 Qd7 17. f3 Rf7 18. Rfe1 Re8 19. Nd1 Qb7 20. Nf2 Nd7 21. Nd3
f4 22. Rab1 Rf5 23. g4 fxg3 24. hxg3 Qa6 25. b4 Ref8 26. f4 Nxe5 27. Nxe5 Qxe2
28. Rxe2 gxf4 29. Nxc6 Bf6 30. Rxe6 fxg3 31. Ne7+ Bxe7 32. Rxe7 Rf2 33. Rb3
Rf1+ 34. Kg2 R8f2+ 35. Kxg3 Rxa2 36. Rf3 Rg1+ 37. Kf4 Rd2 38. Ke5 Re1+ 39. Kd6
Rxe7 40. Kxe7 Rxd4 41. Rg3+ Kh8 42. c6 Rxb4 43. c7 Rc4 44. Kd7 d4 45. c8=Q+
Rxc8 46. Kxc8 d3 47. Rxd3 Kg7 48. Kd7 Kf6 49. Rh3 Kg6 50. Ke6 a5 51. Ke5 h6 52.
Kf4 1-0

[Event "Frankfurt Ch 2007"]
[Site "Ffm-Kalbach, LAZ"]
[Date "2007.05.07"]
[Round "2.23"]
[White "Klyszcz, Michael"]
[Black "Kolompar, Josef"]
[Result "1/2-1/2"]
[WhiteElo "2037"]
[BlackElo "2014"]
[PlyCount "62"]
[EventDate "2007.??.??"]

1. c4 e6 2. Nf3 Nf6 3. g3 d5 4. cxd5 exd5 5. Bg2 Bd6 6. O-O O-O 7. Nc3 c6 8.
Qc2 Re8 9. d4 Bg4 10. Re1 Nbd7 11. Bd2 Rc8 12. Ng5 h6 13. Nh3 c5 14. e3 Bb8 15.
f3 Be6 16. Rad1 b6 17. Qd3 Nf8 18. Nf4 Bxf4 19. gxf4 Qd7 20. Ne2 Bf5 21. Qa3
Ng6 22. Bc1 Nh4 23. Bh1 Bg6 24. Ng3 Nh5 25. e4 Qh3 26. f5 Nxg3 27. hxg3 Qxg3+
28. Kf1 Bxf5 29. exf5 Qh3+ 30. Kg1 Qg3+ 31. Kf1 Qh3+ 1/2-1/2

[Event "Frankfurt Ch 2007"]
[Site "Ffm-Kalbach, LAZ"]
[Date "2007.05.07"]
[Round "2.24"]
[White "Syed, Tareq"]
[Black "Lemonidis, Christos"]
[Result "1-0"]
[WhiteElo "2101"]
[BlackElo "1803"]
[PlyCount "45"]
[EventDate "2007.??.??"]

1. d3 d6 2. e4 g6 3. f4 e5 4. Nf3 Bg7 5. Nc3 c6 6. g3 Qe7 7. Bg2 Nh6 8. h3 Nd7
9. O-O O-O 10. g4 f6 11. f5 gxf5 12. gxf5 Kh8 13. Nh4 Qe8 14. Bf3 Rg8 15. Bh5
Qe7 16. Kh1 Nf8 17. Rg1 Bd7 18. Bd2 Nf7 19. Ng6+ Nxg6 20. Bxg6 Ng5 21. Qh5 Bf8
22. Bxg5 fxg5 23. f6 1-0

[Event "Frankfurt Ch 2007"]
[Site "Ffm-Kalbach, LAZ"]
[Date "2007.05.07"]
[Round "2.25"]
[White "Adair, Robin"]
[Black "Schreiner, Roland"]
[Result "1-0"]
[WhiteElo "2009"]
[BlackElo "1970"]
[PlyCount "52"]
[EventDate "2007.??.??"]

1. c4 e6 2. g3 d5 3. Bg2 Nf6 4. d4 c6 5. Qc2 Bd6 6. Nf3 Nbd7 7. O-O O-O 8. b3
e5 9. dxe5 Nxe5 10. Bb2 Re8 11. Nbd2 Bg4 12. e3 Qd7 13. Nxe5 Bxe5 14. Bxe5 Rxe5
15. cxd5 Nxd5 16. Nc4 Rh5 17. f3 Bh3 18. e4 Nb4 19. Qd2 Qxd2 20. Nxd2 Bxg2 21.
Kxg2 Nc2 22. g4 Rh6 23. Kg3 Nxa1 24. Rxa1 Rd6 25. Nc4 Rd4 26. e5 b5 {
Handy klingelt!} 1-0

[Event "Frankfurt Ch 2007"]
[Site "Ffm-Kalbach, LAZ"]
[Date "2007.05.07"]
[Round "2.26"]
[White "Janotta, Steffi"]
[Black "Wolff, Michael"]
[Result "1-0"]
[WhiteElo "2028"]
[BlackElo "1958"]
[PlyCount "103"]
[EventDate "2007.??.??"]

1. e4 c5 2. Nf3 Nc6 3. d4 cxd4 4. Nxd4 Nf6 5. Nc3 e5 6. Ndb5 d6 7. Bg5 a6 8.
Bxf6 gxf6 9. Na3 f5 10. Qh5 b5 11. Naxb5 axb5 12. Bxb5 Bb7 13. Bc4 Qf6 14. Nd5
Qg6 15. Nc7+ Kd7 16. Qxg6 fxg6 17. Nxa8 Bxa8 18. Bd5 Be7 19. c3 Rb8 20. Rb1 Nd8
21. f3 Ne6 22. O-O Bxd5 23. exd5 Nc7 24. c4 Ne8 25. b4 Nf6 26. a4 Bd8 27. a5 e4
28. Rfe1 Bc7 29. Kf2 Bd8 30. Ke3 Bc7 31. Kd4 Bd8 32. a6 Bb6+ 33. c5 Ba7 34.
Rec1 Kd8 35. Rc4 Kd7 36. Ra1 dxc5+ 37. bxc5 Rb2 38. Ke5 Nxd5 39. Kxd5 Rd2+ 40.
Rd4 Rxg2 41. fxe4 fxe4 42. Rxe4 Rd2+ 43. Rd4 Rxh2 44. Rb1 Rh5+ 45. Kc4+ Kc8 46.
Rd5 Rh4+ 47. Kb5 Rf4 48. Re1 Rf7 49. Re6 Rd7 50. Re8+ Kc7 51. Rxd7+ Kxd7 52.
Rh8 1-0

[Event "Frankfurt Ch 2007"]
[Site "Ffm-Kalbach, LAZ"]
[Date "2007.05.07"]
[Round "2.27"]
[White "Fröhlich-Dill, Astrid"]
[Black "Henzner, Reiner"]
[Result "0-1"]
[WhiteElo "1948"]
[BlackElo "2111"]
[PlyCount "96"]
[EventDate "2007.??.??"]

1. d4 Nf6 2. c4 g6 3. Nc3 d5 4. cxd5 Nxd5 5. e4 Nb6 6. Be3 Bg7 7. Qd2 O-O 8.
O-O-O Nc6 9. Nf3 Bg4 10. h3 Bxf3 11. gxf3 e5 12. Bg5 Qe8 13. Bb5 exd4 14. Nd5
Qe6 15. Kb1 Nxd5 16. exd5 Qxd5 17. Bxc6 bxc6 18. Bh6 c5 19. Bxg7 Kxg7 20. h4 h5
21. Rhg1 Rfe8 22. Rg5 Re5 23. Rxe5 Qxe5 24. Re1 Qf5+ 25. Qc2 Qxc2+ 26. Kxc2 Kf8
27. Re5 Re8 28. Rxc5 Re2+ 29. Kc1 Rxf2 30. Rd5 Rxf3 31. Rxd4 Ke7 32. Kd2 Rg3
33. Rc4 Kd7 34. Rd4+ Kc8 35. Re4 Rg4 36. Re7 f5 37. Re6 Kb7 38. b3 c6 39. a4 a5
40. Rd6 Kb6 41. Re6 Kc5 42. Kc2 Kb4 43. Rxc6 Rg2+ 44. Kd3 Kxb3 45. Ke3 Kxa4 46.
Rb6 Ka3 47. Kf3 Rg4 48. Kf2 Ka2 0-1

[Event "Frankfurt Ch 2007"]
[Site "Ffm-Kalbach, LAZ"]
[Date "2007.05.07"]
[Round "2.28"]
[White "Von Auer, Ulrich"]
[Black "Kutschera, Julian"]
[Result "1-0"]
[WhiteElo "2130"]
[BlackElo "1846"]
[PlyCount "54"]
[EventDate "2007.??.??"]

1. d4 d5 2. c4 c6 3. Nf3 Nf6 4. Nc3 e6 5. Bg5 Nbd7 6. e3 Bd6 7. Bd3 O-O 8. O-O
dxc4 9. Bxc4 e5 10. Bxf6 gxf6 11. Nh4 exd4 12. exd4 Nb6 13. Bd3 Bf4 14. Qh5 h6
15. Nf5 Bg5 16. h4 Bxf5 17. Bxf5 Bd2 18. Ne4 Kg7 19. Nxd2 Qxd4 20. Nf3 Qxb2 21.
Rab1 Qxa2 22. Rb4 Rh8 23. Bb1 Qd5 24. Qg4+ Kf8 25. Rd4 Qb5 26. Qf4 Re8 27. Qxf6
Rg8 1-0

[Event "Frankfurt Ch 2007"]
[Site "Ffm-Kalbach, LAZ"]
[Date "2007.05.07"]
[Round "2.29"]
[White "Gauf, Wolfgang"]
[Black "Behnick, Eckhard"]
[Result "0-1"]
[WhiteElo "1808"]
[BlackElo "2169"]
[PlyCount "46"]
[EventDate "2007.??.??"]

1. e4 c6 2. d4 d5 3. Nc3 g6 4. e5 Bg7 5. h4 h5 6. Be2 Nh6 7. Nh3 Bxh3 8. Rxh3
e6 9. Bg5 Qb6 10. Qd2 Nf5 11. Rd3 Nd7 12. Na4 Qc7 13. Rc1 b5 14. Nc3 a6 15. Nd1
c5 16. c3 f6 17. exf6 Nxf6 18. Bxf6 Bxf6 19. g3 Rc8 20. dxc5 Qxc5 21. Ne3 Ne7
22. Rd1 O-O 23. Ng2 Bxc3 0-1